Marcatori dei Paesi Bassi ai Mondiali - Qatar 2022 - Statistics

Statistiche generali
  • Questo quiz è stato fatto 4 volte
  • Il punteggio medio è 7 su 10
Statistiche sulle risposte
Partita Minuto Marcatore % Corretto
Senegal - Paesi Bassi 0-2 84' Cody Gakpo
100%
Paesi Bassi - Ecuador 1-1 6' Cody Gakpo
100%
Paesi Bassi - Qatar 2-0 26' Cody Gakpo
100%
Paesi Bassi - Stati Uniti 3-1 10' Memphis Depay
75%
Paesi Bassi - Argentina 5-6 (d.c.r.) 83' Wout Weghorst
75%
Paesi Bassi - Argentina 5-6 (d.c.r.) 101' Wout Weghorst
75%
Paesi Bassi - Stati Uniti 3-1 81' Denzel Dumfries
50%
Paesi Bassi - Qatar 2-0 49' Frenkie de Jong
50%
Paesi Bassi - Stati Uniti 3-1 45' Daley Blind
25%
Senegal - Paesi Bassi 0-2 99' Davy Klaassen
0%
Nessun quiz corrispondente trovato
Distribuzione punteggi
Percentuale di utenti per punteggio
Percentile per numero di risposta
I tuoi punteggi nel tempo
Non hai fatto questo quiz